1204 1339 1566 1062 1064 1092 1561 1282 1732 1996 1253 1607 1225 1925 1980 1780 1348 1722 1048 1722 1139 1613 1647 1870 1038 1254 1346 1818 1336 1043 1518 1500 1943 1780 1006 1103 1315 1846 1612 1341 1581 1942 1455 1499 1501 1107 1365 1884 1829 1298 1164 1981 1117 1441 1542 1379 1376 1049 1079 1623 1090 1599 1337 1764 1146 1001 1463 1790 1809 1309 1012 1472 1009 1220 1069 1670 1574 1615 1751 1077 1440 1207 1061 1484 1227 1220 1482 1629 1213 1581 1693 1442 1519 1178 1436 1167 1335 1780 1371 BCNSPRNW ULIB Ver.6.0+V

เปลี่ยนเป็นภาษาไทย

Change to English
 แสดงรายละเอียดบรรณานุกรม
  กลับหน้าหลัก

Brief Record : Get Marc (ISO 2709) : E-mail record : QR code < ปิดหน้าต่าง
LEADER : 00000nam 2200000uu 4500
001    13399120316
003     ULIB
008    120918s2547||||th 000 0 tha d
020    ^a9749256433
060 04 ^aQV600^bส310ก 2547
245 00 ^aเกณฑ์มาตรฐานในการรักษาผู้ป่วยที่ได้รับพิษจากสารเคมีกำจัดแมลงกลุ่มออร์กาโนฟอสเฟตและคาร์บาเมท ฉบับที่ 2 /^cโดย สมิง เก่าเจริญ, ยุพา ลีลาพฤทธิ์, [บรรณาธิการ] และคณะกรรมการ
260    ^aกรุงเทพฯ :^bกองควบคุมวัตถุมีพิษสำนักงานคณะกรรมการอาหารและยา กระทรวงสาธารณสุข, สภาสมาคมผู้ผลิตสารเคมีเกษตรนานาชาติ,^c2547
300    ^a331 หน้า :^bภาพประกอบ ;^c21 ซม.
650  0 ^aAgricultural chemicals^xToxicology
650  2 ^aInsecticides^xtoxicity
650  2 ^aInsecticides, Organophosphate^xtoxicity
650  2 ^aInsecticides, Carbamate^xtoxicity
650  2 ^aAgrichemicals^xtoxicity
650  7 ^aสารเคมีทางการเกษตร^xความเป็นพิษ
650  7 ^aยาฆ่าแมลงกลุ่มออร์กาโนฟอสเฟต^xความเป็นพิษ
650  7 ^aยาฆ่าแมลง
650  7 ^aยาฆ่าแมลง^xพิษวิทยา
700 0  ^aสมิง เก่าเจริญ,^eบรรณาธิการ
700 0  ^aยุพา ลีลาพฤทธิ์,^eบรรณาธิการ
710 2  ^aกระทรวงสาธารณสุข.^bสำนักงานคณะกรรมการอาหารและยา.^bกองควบคุมวัตถุมีพิษ
710 2  ^aสภาสมาคมผู้ผลิตสารเคมีเกษตรนานาชาติ (GIFAP)
945    ^p0^l0^i15840
995    ^aกัณชพร
999 ^a ใช้งานได้ทุกระบบ
รายการนี้ยังไม่มีแท็ก
คุณยังไม่ได้ล็อกอิน คุณสามารถมีกิจกรรมร่วมกับเว็บไซต์ได้ แต่ต้องล็อกอินก่อน ::
  ล็อกอิน

รายการสื่อสารสนเทศ

ลำดับที่ ประเภท เลขเรียก/บาร์โค้ด สถานที่ สถานะ
1. วิทยาศาสตร์การแพทย์ และสุขภาพ
วิทยาศาสตร์การแพทย์ และสุขภาพ
QV600 ส310ก 2547  
  Barcode: 15840
ห้องสมุดวิทยาเขตสวรรค์ประชารักษ์
►หนังสือทั่วไป
บนชั้น

รายการใกล้เคียง
    หัวเรื่อง [ยาฆ่าแมลง]

BibComment


ยังไม่เคยถูกคอมเมนท์

คอมเมนท์ทรัพยากรรายการนี้
  คอมเมนท์: เกณฑ์มาตรฐานในกา..


 Copyright 2026. Bcnsprnw @Library